| 000 | 00989cam a2200241 i 4500 | ||
|---|---|---|---|
| 003 | SA-RiAUC | ||
| 005 | 20250407082220.0 | ||
| 008 | 250327s2000 su g 000 0bara c | ||
| 020 | _a9960851923 | ||
| 040 |
_aSA-RiAUC _bara _cSA-RiAUC _erda |
||
| 082 | 0 | 4 | _a922.58 |
| 090 |
_a922.58 _b م ق ر |
||
| 100 | 1 |
_aالمقرن، عبد الكريم بن صالح _eمؤلف. |
|
| 245 | 1 | 2 |
_aاللآلي السنية في أخبار مفتي عام المملكة العربية السعودية / _cعبد الكريم بن صالح المقرن. |
| 264 | 1 |
_aالرياض : _bدار طويق للنشر، _c2000 |
|
| 300 |
_a71 صفحة ؛ _c24 سم |
||
| 336 |
_aنص _btxt _2rdacontent _3كتاب |
||
| 337 |
_aبدون وسيط _bn _2rdamedia |
||
| 338 |
_aمجلد _bnc _2rdacarrier |
||
| 600 | 1 | 7 |
_aابن باز، عبد العزيز بن عبد الله بن عبد الرحمن، _d1332-1420 هجري _2aucnm |
| 942 |
_2ddc _cBOOK _n0 |
||
| 949 |
_aSA-JeALM _d250327 _umohamedma123 _n1 |
||
| 999 |
_c6751 _d6751 |
||